000 00724nam a2200205Ii 4500
003 JO-AjNU
008 230605s9999||||xx |||||||||||||| ||und||
040 _aJO-AjNU
_bara
_erda
_cJO-AjNU
041 _aara
050 1 4 _aHD73.U7434 1992
100 3 _aعريقات، حربي محمد موسى ,
_eauthor
_959495
245 0 0 _aمبادئ في التنمية والتخطيط الأقتصادي
250 _aط1
264 3 1 _aعمان: دار الفكر للطباعة والنشر، 1992
300 _a237ص
336 _atext
_btxt
_2rdacontent
337 _aunmediated
_bn
_2rdamedia
338 _avolume
_bnc
_2rdacarrier
650 4 _aالسياسة الاقتصادية- التنمية الإقتصادية
_959496
999 _aA26776
_c30344
_d30344